LIBRARY & INFORMATION CENTRE, KCAET, TAVANUR

ONLINE PUBLIC ACCESS CATALOGUE (OPAC)

T S Eliot and idea of Tradition / (Record no. 8677)

MARC details
000 -LEADER
fixed length control field 00379cam a2200157ua 4500
041 ## - LANGUAGE CODE
Language code of text/sound track or separate title eng
082 ## - DEWEY DECIMAL CLASSIFICATION NUMBER
Classification number 828.09
Item number LUC/TS
100 ## - MAIN ENTRY--AUTHOR NAME
Personal name Lucy, Sean .
245 ## - TITLE STATEMENT
Title T S Eliot and idea of Tradition /
250 ## - EDITION STATEMENT
Edition statement 1 /
260 ## - PUBLICATION, DISTRIBUTION, ETC. (IMPRINT)
Place of publication London :
Name of publisher Cohen & West ,
Year of publication 1960.
300 ## - PHYSICAL DESCRIPTION
Number of Pages 222 ; .
942 ## - ADDED ENTRY ELEMENTS (KOHA)
Koha item type Books
Holdings
Withdrawn status Lost status Damaged status Home library Current library Date acquired Cost, normal purchase price Full call number Accession Number Koha item type Public note
Withdrawn     KAUAET Sanskrit University 07/04/2012 25.00 828.09 6858 Books Transferred to Sanskrit University
free website counter